|
|
|
|
| LEADER |
00000naa a2200000 i 4500 |
| 001 |
publ655 |
| 005 |
20150923125518.0 |
| 008 |
150923s2015 hu o 000 zxx d |
| 020 |
|
|
|a 978-963-7159-92-3
|
| 040 |
|
|
|a BGE Publikációtár Repozitórium
|b hun
|
| 100 |
1 |
|
|a Törökné Szilágyi Katalin
|
| 245 |
1 |
0 |
|a Enseigner le francais par la caricature
|c Törökné Szilágyi Katalin
|h [elektronikus dokumentum]
|
| 260 |
|
|
|a Budapesti Gazdasági Főiskola
|c 2015
|
| 300 |
|
|
|a 708-720
|
| 490 |
0 |
|
|a Alkalmazott tudományok II. fóruma: Konferenciakötet
|
| 650 |
|
4 |
|a nyelvtudományok
|
| 695 |
|
|
|a Karikatúra
|
| 695 |
|
|
|a Francia nyelv
|
| 856 |
4 |
0 |
|u https://publikaciotar.uni-bge.hu/id/eprint/655/1/T%C3%B6r%C3%B6kn%C3%A9.pdf
|z Dokumentum-elérés
|